| 000 | 00403nam a2200145Ia 4500 | ||
|---|---|---|---|
| 008 | 210210b1990 xxu||||| |||| 00| 0 eng d | ||
| 082 | _a225.7 BARD | ||
| 100 | _aBARCLAY (William). | ||
| 245 | _aDaily study bible:the acts of the Apostles. | ||
| 260 |
_aBangalore _bTheological Publications in India _c1990 |
||
| 300 | _ax,193,iv | ||
| 650 | _aActs Apostles | ||
| 690 | _aChristianity | ||
| 906 | _a045740 | ||
| 999 |
_c94789 _d94789 |
||